Statistics for Klimatologija

Click here to take the quiz!

General Stats

  • This quiz has been taken 85 times
  • The average score is 12 of 24

Answer Stats

QuestionAnswer% Correct
Koje godišnje doba je u Australiji kada je u Evropi proleće?Jesen
78%
Kako se zovu jedinjenja koja uništavaju ozon?Freoni
69%
Kojeg gasa ima najviše u sastavu atmosfere?Azota
65%
Gde sunčevi zraci padaju pod najvećim uglom?Na ekvatoru
65%
Kako duvaju monsuni?Pola godine ka kopnu i pola godine ka moru
65%
Kako nastaje cunami?Podvodnim tektonskim pokretima
61%
Šta ne spada u padavine?Magla
59%
Kako se zove nauka o atmosferi?Meteorologija
58%
Na kom okeanu nastaje Golfska struja?Na Atlantskom
58%
Koliko ima toplotnih pojaseva?Dva polarna, dva umerena i jedan tropski
53%
Kako se nazivaju linije koje povezuju mesta sa istim vazdušnim pritiskom?Izobare
51%
Kako se naziva sva energija koju atmosfera i zemljina površina primaju od Sunca?Insolacija
50%
Koja vrednost se smatra normalnim atmosferskim pritiskom?1013 mb
49%
Koja vegetacija je karakteristična za polarni klimatski pojas?Tundre
47%
Šta se meri Boforovom skalom?Jačina vetra
46%
Kako se naziva najniži sloj atmosfere?Troposfera
46%
Šta nastaje kada se temperatura spusti ispod 0 C, a vodena para pređe u kristaliće?Slana
43%
Koliko je 100 C u F?212 F
42%
Koja zona ne spada u atmosferu?Hidrosfera
41%
Koja skala se ne koristi za merenje temperature?Merkalijeva
41%
Koji od vetrova nije stalni?Fen
38%
Koji vetar duva sa kopna na more na Jadranu?Bura
36%
Kog oblika je snežna pahuljica?Šestougaonog
35%
Kako se nazivaju najniži oblaci?Stratusi
24%

Score Distribution

Percentile by Number Answered

Percent of People with Each Score

Your Score History

You have not taken this quiz